Text book of hydraulic machines (Record no. 10732)

000 -LEADER
fixed length control field 00441nam a22001817a 4500
001 - CONTROL NUMBER
control field 10732
003 - CONTROL NUMBER IDENTIFIER
control field BD-DhUET
008 - FIXED-LENGTH DATA ELEMENTS--GENERAL INFORMATION
fixed length control field 150209b xxu||||| |||| 00| 0 eng d
040 ## - CATALOGING SOURCE
Transcribing agency 0
Modifying agency BD-DhUET
082 ## - DEWEY DECIMAL CLASSIFICATION NUMBER
Classification number 621.2
Item number KHU/1985
100 ## - MAIN ENTRY--PERSONAL NAME
Personal name Khurmi, R. S.
245 ## - TITLE STATEMENT
Title Text book of hydraulic machines
250 ## - EDITION STATEMENT
Edition statement 14th ed.
260 ## - PUBLICATION, DISTRIBUTION, ETC. (IMPRINT)
Place of publication, distribution, etc. New Delhi
Name of publisher, distributor, etc. S. Chand
Date of publication, distribution, etc. 1985
300 ## - PHYSICAL DESCRIPTION
Extent vii, v.p.
Other physical details ill.
650 #0 - SUBJECT ADDED ENTRY--TOPICAL TERM
Topical term or geographic name as entry element Hydraulic Machines
942 ## - ADDED ENTRY ELEMENTS (KOHA)
Koha item type General Book
Holdings
Date acquired Koha date last seen Price effective from Shelving location Not for loan Sublocation or collection (holding branch) Piece designation (barcode) Damaged status Location (home branch) Koha full call number Lost status Copy number Source of classification or shelving scheme Koha item type Withdrawn status Koha normalized classification for sorting
2015-02-092015-02-092015-02-09Circulation section Central Library, BUET64129 Central Library, BUET621.2/KHU/1985 1 General Book 621_200000000000000_KHU_1985
2015-02-092015-02-092015-02-09Circulation section Central Library, BUET64154 Central Library, BUET621.2/KHU/1985 2 General Book 621_200000000000000_KHU_1985
2015-02-092015-02-092015-02-09Circulation section Central Library, BUET64142 Central Library, BUET621.2/KHU/1985 3 General Book 621_200000000000000_KHU_1985
2015-02-092015-02-092015-02-09Circulation section Central Library, BUET56685 Central Library, BUET621.2/KHU/1985 4 General Book 621_200000000000000_KHU_1985
2015-02-092015-06-222015-02-09Circulation section Central Library, BUET64155 Central Library, BUET621.2/KHU/1985 5 General Book 621_200000000000000_KHU_1985
2015-02-092015-02-092015-02-09Circulation section Central Library, BUET64132 Central Library, BUET621.2/KHU/1985 6 General Book 621_200000000000000_KHU_1985
2015-02-092015-02-092015-02-09Circulation section Central Library, BUET64136 Central Library, BUET621.2/KHU/1985 7 General Book 621_200000000000000_KHU_1985
2015-02-092015-02-092015-02-09Circulation section Central Library, BUET64153 Central Library, BUET621.2/KHU/1985 8 General Book 621_200000000000000_KHU_1985
2015-02-092015-02-092015-02-09Circulation section Central Library, BUET64134 Central Library, BUET621.2/KHU/1985 9 General Book 621_200000000000000_KHU_1985
2015-02-092015-02-092015-02-09Circulation section Central Library, BUET64150 Central Library, BUET621.2/KHU/1985 10 General Book 621_200000000000000_KHU_1985
2015-02-092015-02-092015-02-09Circulation section Central Library, BUET64137 Central Library, BUET621.2/KHU/1985 11 General Book 621_200000000000000_KHU_1985
2015-02-092015-02-092015-02-09Circulation section Central Library, BUET64139 Central Library, BUET621.2/KHU/1985 12 General Book 621_200000000000000_KHU_1985